00470nam a2200181 a 450000100060000000300090000600800410001502000130005604000280006908200170009710000160011424500460013026000300017630000110020649000240021765000250024165000220026619921CO-ViMGA141112s2004 ck r 000 u spa d a55711968 aCO-ViMGAbspacCO-ViMGA04a137.842 B6451 aBohm, Ewald10aManual del psicodiagnostico del Rorschach aMadrid : bMorata, c1968 a559 p. aCiencias biologicas14aPRUEBAS PSICOLOGICAS14aTEST DE RORSCHACH